Europapa Lyrics - Statistics

General Stats
  • This quiz has been taken 302 times
  • The average score is 142 of 265
Answer Stats
Answer % Correct
Europa
99%
I
92%
'N
89%
Pa Pa
87%
Pa Pa Pa Pa Pa Pa
87%
Pa (x54)
87%
Welkom
86%
Europapa
85%
In
81%
All
69%
De
69%
Ik
68%
Tot
68%
Blijf
65%
Hier
65%
Let's
65%
No
64%
Together
64%
Europe
63%
Come
62%
Doodga
61%
Is
57%
Love
57%
You
57%
Me
56%
France
54%
Never
52%
Or
52%
Its
51%
Now
51%
Ben
50%
Naar
50%
Friends
49%
Maar
49%
Ich
48%
M'n
48%
Netherlands
48%
Polen
48%
So
48%
Berlijn
47%
Chips
46%
En
46%
Italia
46%
Bin
45%
Bus
45%
Fish
45%
Of
45%
Trein
45%
Hey
44%
Geen
43%
Heb
43%
Mij
43%
Neem
43%
Wenen
43%
Wil
43%
Benen
42%
Deutschland
42%
Je
41%
Paspoort
41%
Ze
41%
Een
40%
Paella
40%
Paris
40%
Te
40%
Verdwenen
40%
Zijn
40%
Aber
39%
Bij
39%
Dus
39%
Om
39%
Uit
39%
Weg
39%
Stromae
37%
Allein
36%
Fantasie
36%
Geld
36%
Gelukkig
36%
Ja
36%
Merci
36%
Nodig
36%
Please
36%
Sono
36%
Dat
35%
Visum
34%
Voor
34%
Bezoek
33%
Echt
33%
Het
33%
Zeg
33%
Alles
32%
Doet
32%
Io
32%
Tijd
32%
Aan
31%
Behalve
31%
Dag
31%
Niet
31%
Op
31%
Radio
31%
Van
31%
D'r
30%
Hoef
30%
Met
30%
Pijn
30%
Wat
30%
Alsjeblieft
29%
Escargots
29%
Gebruik
29%
Kwijt
29%
Papaoutai
29%
Toch
29%
Eurootje
28%
Want
28%
Wereld
28%
Die
27%
Eens
27%
Help
27%
Weet
27%
Hoor
26%
Reis
26%
Elke
25%
Hele
23%
Zet
23%
Goed
22%
Ie
22%
Mensen
21%
Helpt
20%
Jongen
20%
Niemand
20%
Zeggen
20%
Geef
19%
Roep
19%
Stoppen
19%
Zal
19%
Mezelf
17%
Vluchten
17%
Zelfs
17%
Ey
14%
No matching quizzes found
Score Distribution
Percent of People with Each Score
Percentile by Number Answered
Your Score History
You have not taken this quiz